000 00494nam a2200205Ia 4500
003 OSt
005 20220918173646.0
006 a|||||r|||| 00| 0
007 ta
008 220917b |||||||| |||| 00| 0 eng d
024 _a7,586
037 _cTextual
040 _aARTS
_cARTS
_beng
041 _2eng
_aeng
082 _a502xM20, K5.2
245 0 _aSelections from the Indian journals
260 _c1962
942 _h502xM20, K5.2
_cTEXL
_2CC
999 _c149455
_d149455